[Event "FICGS class F 000119 email"]
[Site "FICGS email"]
[Date "2012.11.11"]
[Round "1"]
[White "Cavaille, Cedric"]
[Black "Whittaker, Deon"]
[Result "1-0"]
[WhiteElo "1010"]
[BlackElo "1077"]
[PlyCount "89"]
[EventDate "2012.??.??"]
[EventType "tourn (corr)"]
[EventRounds "5"]
[SourceTitle "Corr 2022"]
[Source "ChessBase"]
[SourceDate "2021.10.24"]
[SourceVersion "1"]
[SourceVersionDate "2021.10.24"]
[SourceQuality "1"]

1. d4 c5 2. c4 e6 3. Nc3 Qa5 4. Nf3 f6 5. e4 Ne7 6. Be3 Nec6 7. a3 Bd6 8. Be2 0-0 9. 0-0 Qd8 10. h4 b6 11. dxc5 bxc5 12. Nb5 Bc7 13. Nxc7 Qxc7 14. Qd2 d6 15. b4 Ne5 16. Nxe5 fxe5 17. h5 d5 18. cxd5 cxb4 19. Qxb4 h6 20. Rfc1 Qb6 21. Qxb6 axb6 22. Bxb6 Bd7 23. Bc7 exd5 24. Bxb8 Rfxb8 25. exd5 Rb6 26. Rcb1 Rd6 27. Bf3 Ra7 28. g4 e4 29. Bxe4 Bxg4 30. a4 Bxh5 31. a5 g5 32. Rb5 Be2 33. Rc5 g4 34. Rc6 Rxc6 35. dxc6 Kf8 36. Kg2 h5 37. f3 Re7 38. a6 Rf7 39. a7 Bxf3+ 40. Bxf3 gxf3+ 41. Kf2 Re7 42. a8Q+ Re8 43. Qxe8+ Kxe8 44. Ra7 Kd8 45. Rh7 1-0

[Event "FICGS rapid E 000087 email"]
[Site "FICGS email"]
[Date "2012.09.15"]
[Round "1"]
[White "Barradas, Anderson"]
[Black "Whittaker, Deon"]
[Result "1-0"]
[WhiteElo "1253"]
[BlackElo "1062"]
[PlyCount "21"]
[EventDate "2012.??.??"]
[EventType "tourn (rapid)"]
[EventRounds "6"]
[SourceTitle "Corr 2022"]
[Source "ChessBase"]
[SourceDate "2021.10.24"]
[SourceVersion "1"]
[SourceVersionDate "2021.10.24"]
[SourceQuality "1"]

1. e4 e5 2. Nf3 Nc6 3. d4 Qe7 4. d5 Qb4+ 5. Nc3 Nd4 6. a3 Qc4 7. Bxc4 Bc5 8. b4 Nxf3+ 9. Qxf3 Bd6 10. 0-0 Nf6 11. Bg5 1-0

[Event "FICGS rapid E 000087 email"]
[Site "FICGS email"]
[Date "2012.09.15"]
[Round "1"]
[White "Cavaille, Cedric"]
[Black "Whittaker, Deon"]
[Result "0-1"]
[WhiteElo "939"]
[BlackElo "1062"]
[PlyCount "64"]
[EventDate "2012.??.??"]
[EventType "tourn (rapid)"]
[EventRounds "6"]
[SourceTitle "Corr 2022"]
[Source "ChessBase"]
[SourceDate "2021.10.24"]
[SourceVersion "1"]
[SourceVersionDate "2021.10.24"]
[SourceQuality "1"]

1. d4 c6 2. e4 e6 3. c4 Bb4+ 4. Bd2 c5 5. Nf3 Nc6 6. Bxb4 d6 7. dxc5 Nxb4 8. cxd6 Bd7 9. a3 Qa5 10. Nc3 Qc5 11. Be2 Nf6 12. Qd4 Nc2+ 13. Kd2 Nxd4 14. Nxd4 Qxd6 15. Kd3 e5 16. b4 Qxd4+ 17. Kc2 Ba4+ 18. Nxa4 Qxe4+ 19. Bd3 Qxg2 20. Nc5 Qxf2+ 21. Kc3 0-0 22. Nxb7 Qd4+ 23. Kc2 e4 24. Be2 Qf2 25. Kd1 Qd4+ 26. Kc2 e3 27. c5 Qd2+ 28. Kb3 Qxe2 29. c6 Qd3+ 30. Kb2 Nd5 31. Nd6 Qc3+ 32. Ka2 Qc2# 0-1

[Event "FICGS rapid E 000087 email"]
[Site "FICGS email"]
[Date "2012.09.15"]
[Round "1"]
[White "Dotti Contra, Alessandro"]
[Black "Whittaker, Deon"]
[Result "1-0"]
[WhiteElo "1117"]
[BlackElo "1062"]
[PlyCount "111"]
[EventDate "2012.??.??"]
[EventType "tourn (rapid)"]
[EventRounds "6"]
[SourceTitle "Corr 2022"]
[Source "ChessBase"]
[SourceDate "2021.10.24"]
[SourceVersion "1"]
[SourceVersionDate "2021.10.24"]
[SourceQuality "1"]

1. e4 e5 2. Nf3 Nc6 3. Bb5 Nge7 4. 0-0 a6 5. Ba4 d5 6. c3 b5 7. Bb3 a5 8. Re1 d4 9. Bd5 Nxd5 10. exd5 Qxd5 11. d3 Be7 12. Bg5 f6 13. Bh4 Bg4 14. Nbd2 0-0 15. h3 Bxf3 16. Nxf3 Rae8 17. a3 a4 18. Re4 g5 19. Rg4 Kh8 20. Qd2 Rg8 21. Ne1 Rg7 22. Nc2 Reg8 23. Nb4 Qd6 24. Bxg5 fxg5 25. Nxc6 Qxc6 26. cxd4 Bf6 27. Rc1 Qb6 28. Qb4 h5 29. Rg3 c6 30. Qd6 h4 31. Rf3 e4 32. Rxf6 Rh7 33. Rh6 Rgg7 34. Rxh7+ Kxh7 35. dxe4 Qc7 36. Rxc6 Qxd6 37. Rxd6 g4 38. Kf1 gxh3 39. gxh3 Rc7 40. e5 Kg7 41. e6 Re7 42. d5 Kf6 43. Rb6 Ra7 44. Rxb5 Ke5 45. Ke2 Kd6 46. f4 Ke7 47. f5 Ra8 48. Rb7+ Kd6 49. Rd7+ Ke5 50. e7 Re8 51. f6 Kxf6 52. d6 Ke6 53. Rd8 Rxe7 54. dxe7 Kxe7 55. Rd4 Kf6 56. Rxa4 1-0

[Event "FICGS rapid E 000087 email"]
[Site "FICGS email"]
[Date "2012.09.15"]
[Round "1"]
[White "Whittaker, Deon"]
[Black "Bromo, Alexis"]
[Result "0-1"]
[WhiteElo "1062"]
[BlackElo "1188"]
[PlyCount "32"]
[EventDate "2012.??.??"]
[EventType "tourn (rapid)"]
[EventRounds "6"]
[SourceTitle "Corr 2022"]
[Source "ChessBase"]
[SourceDate "2021.10.24"]
[SourceVersion "1"]
[SourceVersionDate "2021.10.24"]
[SourceQuality "1"]

1. e4 c6 2. d4 d5 3. Nc3 Nf6 4. f3 dxe4 5. Nxe4 Nxe4 6. fxe4 g6 7. b3 h5 8. Bb2 Bg4 9. Nf3 Bh6 10. d5 cxd5 11. Bxh8 Qa5+ 12. c3 Qxc3+ 13. Kf2 Qe3+ 14. Kg3 Bf4+ 15. Kh4 g5+ 16. Nxg5 Bxg5# 0-1

[Event "FICGS class F 000115 email"]
[Site "FICGS email"]
[Date "2012.08.24"]
[Round "1"]
[White "Cavaille, Cedric"]
[Black "Whittaker, Deon"]
[Result "1/2-1/2"]
[WhiteElo "968"]
[BlackElo "1084"]
[PlyCount "126"]
[EventDate "2012.??.??"]
[EventType "tourn (corr)"]
[EventRounds "5"]
[SourceTitle "Corr 2022"]
[Source "ChessBase"]
[SourceDate "2021.10.24"]
[SourceVersion "1"]
[SourceVersionDate "2021.10.24"]
[SourceQuality "1"]

1. e4 e5 2. Nf3 f6 3. Bc4 Nh6 4. d4 Qe7 5. a3 c6 6. b4 b5 7. Bb3 d6 8. dxe5 Bg4 9. exd6 Qxd6 10. Qxd6 Bxd6 11. 0-0 a5 12. bxa5 Rxa5 13. a4 Ke7 14. Bd2 b4 15. h3 Bxf3 16. gxf3 Rf8 17. c3 f5 18. cxb4 Be5 19. bxa5 Bxa1 20. Bc3 Bxc3 21. Nxc3 Kd6 22. Kg2 Kc5 23. e5 Kb4 24. Bd1 Kxc3 25. e6 Re8 26. Re1 Re7 27. Re3+ Kd2 28. Bb3 Na6 29. Bc4 Nc7 30. a6 f4 31. Re4 g5 32. Rd4+ Kc3 33. Rd7 Nf5 34. Rxe7 Nxe7 35. Be2 Nxe6 36. Kf1 Nc7 37. Ke1 h5 38. Kd1 Kb4 39. Kd2 Kc5 40. Kc3 Nf5 41. a7 Nd4 42. Ba6 Nxf3 43. Bb7 Kb6 44. a8Q Nxa8 45. Bxa8 Ne5 46. Kd4 Nd7 47. f3 Nc5 48. a5+ Kb5 49. Ke5 Nd3+ 50. Kd6 Nb4 51. a6 c5 52. a7 Kb6 53. Bc6 Kxa7 54. Kxc5 Nd3+ 55. Kd4 Nf2 56. Bd7 g4 57. fxg4 hxg4 58. hxg4 f3 59. Ke3 Nxg4+ 60. Bxg4 f2 61. Kxf2 Kb6 62. Ke3 Kc5 63. Ke4 Kd6 1/2-1/2

[Event "FICGS class F 000109 email"]
[Site "FICGS email"]
[Date "2012.04.14"]
[Round "1"]
[White "Cavaille, Cedric"]
[Black "Whittaker, Deon"]
[Result "0-1"]
[WhiteElo "935"]
[BlackElo "1098"]
[PlyCount "120"]
[EventDate "2012.??.??"]
[EventType "tourn (corr)"]
[EventRounds "5"]
[SourceTitle "Corr 2022"]
[Source "ChessBase"]
[SourceDate "2021.10.24"]
[SourceVersion "1"]
[SourceVersionDate "2021.10.24"]
[SourceQuality "1"]

1. e4 c5 2. Nf3 d6 3. Bc4 e6 4. d4 Nf6 5. dxc5 d5 6. exd5 exd5 7. Bd3 Bxc5 8. Nc3 Qe7+ 9. Qe2 Qxe2+ 10. Nxe2 Bg4 11. a3 0-0 12. b4 Bb6 13. 0-0 h6 14. Be3 Bc7 15. c4 Bxf3 16. cxd5 Bxd5 17. Bd4 Re8 18. Nf4 Bxf4 19. g3 Bd6 20. Rfe1 Nc6 21. Rxe8+ Rxe8 22. Bxf6 gxf6 23. Bb5 a6 24. Rd1 Re5 25. Ba4 b5 26. Bc2 Kf8 27. h4 Nxb4 28. axb4 Bxb4 29. Kh2 Be4 30. Bxe4 Rxe4 31. f4 a5 32. Rd5 Re3 33. Rxb5 Re2+ 34. Kh3 h5 35. g4 Re3+ 36. Kg2 hxg4 37. Rf5 Rh3 38. Rxf6 Be7 39. Rf5 Bxh4 40. Rxa5 Bg3 41. Ra4 Be1 42. Ra1 Rg3+ 43. Kf1 Bc3 44. Ra3 Rf3+ 45. Ke2 Bd4 46. Rxf3 gxf3+ 47. Kd3 Ba7 48. Kd2 f2 49. Ke2 f5 50. Kf1 Ke7 51. Ke2 Ke6 52. Kf1 Kd5 53. Ke2 Ke4 54. Kf1 Kxf4 55. Kg2 Ke3 56. Kf1 f4 57. Kg2 Ke2 58. Kh2 f3 59. Kh1 f1Q+ 60. Kh2 Qg2# 0-1

[Event "FICGS class F 000109 email"]
[Site "FICGS email"]
[Date "2012.04.14"]
[Round "1"]
[White "Whittaker, Deon"]
[Black "Toro, Simone"]
[Result "1-0"]
[WhiteElo "1098"]
[BlackElo "1030"]
[PlyCount "31"]
[EventDate "2012.??.??"]
[EventType "tourn (corr)"]
[EventRounds "5"]
[SourceTitle "Corr 2022"]
[Source "ChessBase"]
[SourceDate "2021.10.24"]
[SourceVersion "1"]
[SourceVersionDate "2021.10.24"]
[SourceQuality "1"]

1. e4 Nc6 2. d4 d5 3. Nc3 e6 4. Nf3 Bb4 5. e5 f6 6. exf6 Nxf6 7. Qd2 Ne4 8. Qe3 Qf6 9. Bd3 Nxc3 10. 0-0 Bd7 11. Ne5 Nxe5 12. dxe5 Qe7 13. bxc3 Bxc3 14. Rb1 d4 15. Qe4 0-0-0 16. Qxb7# 1-0

[Event "FICGS class F 000109 email"]
[Site "FICGS email"]
[Date "2012.04.14"]
[Round "1"]
[White "Whittaker, Deon"]
[Black "Zeckarias, Simon"]
[Result "1-0"]
[WhiteElo "1098"]
[BlackElo "1040"]
[PlyCount "37"]
[EventDate "2012.??.??"]
[EventType "tourn (corr)"]
[EventRounds "5"]
[SourceTitle "Corr 2022"]
[Source "ChessBase"]
[SourceDate "2021.10.24"]
[SourceVersion "1"]
[SourceVersionDate "2021.10.24"]
[SourceQuality "1"]

1. e4 e5 2. Nf3 c5 3. Bc4 Nf6 4. Nxe5 d5 5. exd5 Nxd5 6. d4 Nb4 7. Qh5 g6 8. Bxf7+ Ke7 9. Bg5+ Kd6 10. Qh4 Be7 11. Bxe7+ Qxe7 12. Qf4 Kc7 13. Bb3 Rf8 14. Qg3 cxd4 15. 0-0 Bf5 16. Nxg6+ Kd8 17. Nxe7 Kxe7 18. Qg7+ Ke8 19. Re1+ 1-0

[Event "FICGS class F 000108 email"]
[Site "FICGS email"]
[Date "2012.03.24"]
[Round "1"]
[White "Whittaker, Deon"]
[Black "Dsouza, Stanislaus"]
[Result "1-0"]
[WhiteElo "1098"]
[BlackElo "1184"]
[PlyCount "27"]
[EventDate "2012.??.??"]
[EventType "tourn (corr)"]
[EventRounds "5"]
[SourceTitle "Corr 2022"]
[Source "ChessBase"]
[SourceDate "2021.10.24"]
[SourceVersion "1"]
[SourceVersionDate "2021.10.24"]
[SourceQuality "1"]

1. e4 e5 2. Nf3 Nc6 3. Bc4 h6 4. d4 exd4 5. Nxd4 Nxd4 6. Qxd4 d6 7. Qd5 Qe7 8. 0-0 c6 9. Qxf7+ Qxf7 10. Bxf7+ Kxf7 11. Be3 Be6 12. f3 Nf6 13. Nc3 Be7 14. Rad1 1-0

[Event "FICGS class F 000108 email"]
[Site "FICGS email"]
[Date "2012.03.24"]
[Round "1"]
[White "Whittaker, Deon"]
[Black "Jerez, Miriam"]
[Result "0-1"]
[WhiteElo "1098"]
[BlackElo "923"]
[PlyCount "34"]
[EventDate "2012.??.??"]
[EventType "tourn (corr)"]
[EventRounds "5"]
[SourceTitle "Corr 2022"]
[Source "ChessBase"]
[SourceDate "2021.10.24"]
[SourceVersion "1"]
[SourceVersionDate "2021.10.24"]
[SourceQuality "1"]

1. e4 e5 2. f4 exf4 3. Nf3 Nf6 4. Nc3 Qe7 5. e5 Nh5 6. Nd5 Qc5 7. c4 c6 8. d3 cxd5 9. b3 dxc4 10. Bd2 Nc6 11. dxc4 Be7 12. Qe2 0-0 13. Qd3 Nxe5 14. Qf5 g6 15. Qe4 Nxf3+ 16. Qxf3 Qe5+ 17. Be2 Bh4+ 0-1

[Event "FICGS class F 000108 email"]
[Site "FICGS email"]
[Date "2012.03.24"]
[Round "1"]
[White "Whittaker, Deon"]
[Black "Ruder, John"]
[Result "1-0"]
[WhiteElo "1098"]
[BlackElo "1188"]
[PlyCount "55"]
[EventDate "2012.??.??"]
[EventType "tourn (corr)"]
[EventRounds "5"]
[SourceTitle "Corr 2022"]
[Source "ChessBase"]
[SourceDate "2021.10.24"]
[SourceVersion "1"]
[SourceVersionDate "2021.10.24"]
[SourceQuality "1"]

1. e4 e5 2. f4 exf4 3. Nf3 Bc5 4. Bc4 Nf6 5. d4 Be7 6. Nc3 0-0 7. e5 Ng4 8. Ne2 d5 9. Bd3 Nc6 10. Bxf4 a5 11. h3 Ne3 12. Bxe3 a4 13. a3 g6 14. h4 Bg4 15. c4 dxc4 16. Bxc4 Na5 17. Qxa4 Qd7 18. Qxd7 Bxd7 19. b3 b5 20. Bh6 Nxb3 21. Bxb3 b4 22. a4 Rfb8 23. 0-0 c5 24. d5 f6 25. d6+ Kh8 26. dxe7 Rc8 27. exf6 Be8 28. Bg7# 1-0

[Event "FICGS class F 000102 email"]
[Site "FICGS email"]
[Date "2011.10.19"]
[Round "1"]
[White "Whittaker, Deon"]
[Black "Jaquet, Hadrien"]
[Result "1-0"]
[WhiteElo "1125"]
[BlackElo "1138"]
[PlyCount "73"]
[EventDate "2011.??.??"]
[EventType "tourn (corr)"]
[EventRounds "5"]
[SourceTitle "Corr 2013"]
[Source "ChessBase"]
[SourceDate "2012.11.12"]
[SourceVersion "1"]
[SourceVersionDate "2012.11.12"]
[SourceQuality "1"]

1. d4 e6 2. c4 d5 3. Nc3 Bb4 4. a3 Bxc3+ 5. bxc3 dxc4 6. e4 b5 7. a4 c6 8. Ba3 Ne7 9. e5 0-0 10. Nf3 Re8 11. Qc2 Ng6 12. Qe4 Qd5 13. Qxd5 exd5 14. axb5 cxb5 15. g3 Bf5 16. Bg2 Nd7 17. 0-0 a5 18. Nh4 Nxh4 19. Bxd5 Ng6 20. Bxa8 Rxa8 21. Rfe1 Be6 22. f4 Ne7 23. Bxe7 g6 24. Bb4 a4 25. Kg2 Nb6 26. h4 Nd5 27. Kf3 Nxb4 28. cxb4 Rd8 29. Ke3 Bd5 30. Rec1 Kg7 31. g4 h6 32. Kd2 Re8 33. Ra3 Kf8 34. Re1 Ke7 35. f5 Bf3 36. f6+ Ke6 37. Rxf3 1-0

[Event "FICGS rapid E 000054 email"]
[Site "FICGS email"]
[Date "2011.05.07"]
[Round "1"]
[White "Whittaker, Deon"]
[Black "Melquiades, Jaime I"]
[Result "1-0"]
[WhiteElo "1145"]
[BlackElo "897"]
[PlyCount "73"]
[EventDate "2011.??.??"]
[EventType "tourn (rapid)"]
[EventRounds "6"]
[SourceTitle "Corr 2013"]
[Source "ChessBase"]
[SourceDate "2012.11.12"]
[SourceVersion "1"]
[SourceVersionDate "2012.11.12"]
[SourceQuality "1"]

1. e4 e5 2. Nf3 d6 3. d4 Bg4 4. dxe5 Ne7 5. exd6 cxd6 6. Bb5+ Bd7 7. Qxd6 Nc8 8. Qd5 Nb6 9. Qe5+ Qe7 10. Nc3 Bxb5 11. Qxb5+ Nc6 12. 0-0 Qc7 13. Rd1 a6 14. Nd5 Nxd5 15. Qxd5 Rd8 16. Bf4 Rxd5 17. Bxc7 Nd4 18. Nxd4 Rd7 19. Bb6 Bb4 20. c3 Bd6 21. Rd3 0-0 22. a3 Rc8 23. b4 Be5 24. Rc1 Bc7 25. Bxc7 Rcxc7 26. c4 b5 27. c5 Re7 28. f3 f5 29. exf5 Kf7 30. Kf2 Re5 31. Ne6 Re7 32. g4 h6 33. f4 Re4 34. Kf3 Rc4 35. Rxc4 bxc4 36. Rc3 Rd7 37. c6 1-0

[Event "FICGS rapid E 000054 email"]
[Site "FICGS email"]
[Date "2011.05.07"]
[Round "1"]
[White "Whittaker, Deon"]
[Black "Yloenen, Olli"]
[Result "0-1"]
[WhiteElo "1145"]
[BlackElo "1305"]
[PlyCount "56"]
[EventDate "2011.??.??"]
[EventType "tourn (rapid)"]
[EventRounds "6"]
[SourceTitle "Corr 2013"]
[Source "ChessBase"]
[SourceDate "2012.11.12"]
[SourceVersion "1"]
[SourceVersionDate "2012.11.12"]
[SourceQuality "1"]

1. e4 e5 2. Nf3 Nc6 3. Bc4 Bc5 4. 0-0 Nf6 5. Ng5 0-0 6. c3 h6 7. d3 hxg5 8. Nd2 d6 9. Nb3 g4 10. Nxc5 dxc5 11. Be3 Qd6 12. f3 gxf3 13. Qxf3 Na5 14. Qg3 Nxc4 15. Bh6 Nh5 16. Qg5 Qxh6 17. Qf5 Bxf5 18. Rab1 Nd2 19. exf5 Nxb1 20. Rxb1 Qe3+ 21. Kh1 Qxd3 22. Re1 Qxf5 23. Rg1 e4 24. b4 cxb4 25. cxb4 e3 26. Rf1 e2 27. Rg1 Qf1 28. g4 Qf3+ 0-1

[Event "FICGS class E 000138 email"]
[Site "FICGS email"]
[Date "2011.05.03"]
[Round "1"]
[White "Aguado Lopez, Antonio"]
[Black "Whittaker, Deon"]
[Result "1-0"]
[WhiteElo "1365"]
[BlackElo "1145"]
[PlyCount "65"]
[EventDate "2011.??.??"]
[EventType "tourn (corr)"]
[EventRounds "1"]
[SourceTitle "Corr 2013"]
[Source "ChessBase"]
[SourceDate "2012.11.12"]
[SourceVersion "1"]
[SourceVersionDate "2012.11.12"]
[SourceQuality "1"]

1. d4 e6 2. Nf3 Nf6 3. Nc3 d5 4. e3 c5 5. dxc5 Nc6 6. a3 Bxc5 7. Be2 a6 8. 0-0 0-0 9. b4 Ne4 10. Bb2 d4 11. Nxe4 Bb6 12. exd4 Qd5 13. Nc3 Qd6 14. Ne4 Qd5 15. Ned2 e5 16. dxe5 a5 17. c4 Qe6 18. c5 Bc7 19. Bc4 Qf5 20. Re1 Re8 21. Nh4 Qg4 22. Qxg4 Bxg4 23. Re4 Bxe5 24. Bxe5 Nxe5 25. Rae1 g5 26. h3 gxh4 27. hxg4 axb4 28. axb4 Kf8 29. Bb5 f6 30. f4 Rad8 31. Bxe8 Kxe8 32. Nc4 Rd5 33. Nd6+ 1-0

[Event "FICGS class E 000138 email"]
[Site "FICGS email"]
[Date "2011.05.03"]
[Round "1"]
[White "Whittaker, Deon"]
[Black "Piantadosi, Angelo"]
[Result "1-0"]
[WhiteElo "1145"]
[BlackElo "1306"]
[PlyCount "83"]
[EventDate "2011.??.??"]
[EventType "tourn (corr)"]
[EventRounds "1"]
[SourceTitle "Corr 2013"]
[Source "ChessBase"]
[SourceDate "2012.11.12"]
[SourceVersion "1"]
[SourceVersionDate "2012.11.12"]
[SourceQuality "1"]

1. d4 Nf6 2. c4 e6 3. Nc3 Bb4 4. Bg5 c5 5. d5 d6 6. Nf3 0-0 7. g3 Nbd7 8. Bxf6 Nxf6 9. Qd2 Ne4 10. Qd3 Nxc3 11. bxc3 Ba5 12. Bg2 exd5 13. cxd5 h6 14. 0-0 Re8 15. e3 Qf6 16. Qb5 Qd8 17. Rac1 a6 18. Qd3 b5 19. c4 bxc4 20. Rxc4 Qd7 21. Rb1 Qf5 22. Qxf5 Bxf5 23. Rb3 Rab8 24. Nh4 Bd7 25. Nf3 Bb5 26. Rf4 c4 27. Rb1 c3 28. Rc1 Rec8 29. a4 Bc4 30. h4 Bxd5 31. e4 Bb3 32. Rf5 Bb4 33. Bf1 Ba3 34. Bxa6 Bxc1 35. Nd4 Bxa4 36. Bd3 Bb2 37. Bc2 Bxc2 38. Nxc2 Bc1 39. e5 dxe5 40. Rxe5 Rb2 41. Re2 Bd2 42. Na3 1-0

[Event "FICGS class E 000133 email"]
[Site "FICGS email"]
[Date "2011.01.20"]
[Round "1"]
[White "Barradas, Anderson"]
[Black "Whittaker, Deon"]
[Result "1-0"]
[WhiteElo "1236"]
[BlackElo "1400"]
[PlyCount "99"]
[EventDate "2011.??.??"]
[EventType "tourn (corr)"]
[EventRounds "6"]
[SourceTitle "Corr 2013"]
[Source "ChessBase"]
[SourceDate "2012.11.12"]
[SourceVersion "1"]
[SourceVersionDate "2012.11.12"]
[SourceQuality "1"]

1. e4 c5 2. Nf3 Qc7 3. d4 cxd4 4. Nxd4 Nf6 5. Nc3 Na6 6. Bxa6 bxa6 7. 0-0 Qe5 8. Re1 d6 9. Nc6 Qc5 10. e5 Qxc6 11. exf6 Bb7 12. f3 e5 13. fxg7 Bxg7 14. Bg5 0-0 15. Ne4 d5 16. Ng3 Rae8 17. Nf5 Qb6+ 18. Kh1 h6 19. Nxg7 Kxg7 20. Be3 Qxb2 21. Rb1 Qa3 22. Bxa7 Qxa2 23. Rxb7 d4 24. Bc5 Qd5 25. Bxf8+ Kxf8 26. Ra7 a5 27. c4 Qxc4 28. Rxa5 f6 29. Ra6 Qxa6 30. Qb3 Qe6 31. Qd3 Kg7 32. f4 Qg4 33. fxe5 fxe5 34. Re4 Qf5 35. Qg3+ Kf6 36. Qh4+ Qg5 37. Qf2+ Kg6 38. h3 Qf5 39. Rg4+ Kf6 40. Qh4+ Qg5 41. Rxg5 hxg5 42. Qh6+ Kf5 43. g4+ Kf4 44. Qf6+ Kg3 45. Qf1 Rh8 46. Qd3+ Kf2 47. Qd2+ Kf1 48. Qd3+ Ke1 49. Qe4+ Kf2 50. Qf5+ 1-0

[Event "FICGS class E 000133 email"]
[Site "FICGS email"]
[Date "2011.01.20"]
[Round "1"]
[White "Whittaker, Deon"]
[Black "Khramkov, Alexey Gennadievic"]
[Result "0-1"]
[WhiteElo "1400"]
[BlackElo "1279"]
[PlyCount "48"]
[EventDate "2011.??.??"]
[EventType "tourn (corr)"]
[EventRounds "6"]
[SourceTitle "Corr 2013"]
[Source "ChessBase"]
[SourceDate "2012.11.12"]
[SourceVersion "1"]
[SourceVersionDate "2012.11.12"]
[SourceQuality "1"]

1. c4 e5 2. Nc3 f5 3. e4 d6 4. Nf3 fxe4 5. Nxe4 Nc6 6. Nfg5 Nf6 7. Bd3 Nxe4 8. Nxe4 g6 9. Qa4 Bg7 10. 0-0 0-0 11. c5 d5 12. Bc4 dxc4 13. Qxc4+ Kh8 14. d3 Nd4 15. Re1 Be6 16. Bg5 Bxc4 17. Bxd8 Raxd8 18. Rac1 Bxd3 19. Rcd1 Nc2 20. Re3 Nxe3 21. f3 Nxd1 22. b4 Bxe4 23. h3 Rd2 24. fxe4 Ne3 0-1

[Event "FICGS class E 000133 email"]
[Site "FICGS email"]
[Date "2011.01.20"]
[Round "1"]
[White "Whittaker, Deon"]
[Black "Stoyanov, Zdravko"]
[Result "0-1"]
[WhiteElo "1400"]
[BlackElo "1222"]
[PlyCount "88"]
[EventDate "2011.??.??"]
[EventType "tourn (corr)"]
[EventRounds "6"]
[SourceTitle "Corr 2013"]
[Source "ChessBase"]
[SourceDate "2012.11.12"]
[SourceVersion "1"]
[SourceVersionDate "2012.11.12"]
[SourceQuality "1"]

1. e4 c5 2. Nf3 a6 3. c4 Nc6 4. d4 cxd4 5. Nxd4 Nxd4 6. Qxd4 d6 7. Bd2 f6 8. Be2 e5 9. Qd5 Ne7 10. Ba5 Nxd5 11. Bxd8 Kxd8 12. cxd5 Bd7 13. 0-0 Be7 14. Nc3 b5 15. b4 Rc8 16. Rac1 f5 17. g3 f4 18. Kg2 Rf8 19. Rc2 g6 20. Bf3 h5 21. Rfc1 fxg3 22. h3 Bg5 23. Rf1 Rf4 24. fxg3 Rf7 25. h4 Be7 26. Rff2 Rc4 27. a3 Ke8 28. g4 hxg4 29. Be2 Rc7 30. Kg3 Rh7 31. Rh2 Bd8 32. Bxg4 Bxg4 33. Kxg4 Rh5 34. Nd1 Rxc2 35. Rxc2 Rxh4+ 36. Kg3 Rxe4 37. Rc6 Rd4 38. Ne3 Rd3 39. Kf3 Kd7 40. Rxa6 Bg5 41. Ra7+ Kc8 42. Rg7 Bxe3 43. Rxg6 Rxa3 44. Rxd6 Bc5+ 0-1

[Event "FICGS rapid D 000050 email"]
[Site "FICGS email"]
[Date "2011.01.02"]
[Round "1"]
[White "Guralivu, Paul Iosif"]
[Black "Whittaker, Deon"]
[Result "1-0"]
[WhiteElo "1561"]
[BlackElo "1400"]
[PlyCount "63"]
[EventDate "2011.??.??"]
[EventType "tourn (rapid)"]
[EventRounds "6"]
[SourceTitle "Corr 2013"]
[Source "ChessBase"]
[SourceDate "2012.11.12"]
[SourceVersion "1"]
[SourceVersionDate "2012.11.12"]
[SourceQuality "1"]

1. e4 Nf6 2. Nc3 Nc6 3. d4 d5 4. e5 Ne4 5. Nxe4 dxe4 6. Ne2 Nxe5 7. dxe5 Qxd1+ 8. Kxd1 Bf5 9. Ng3 Bg4+ 10. Be2 0-0-0+ 11. Bd2 Bxe2+ 12. Kxe2 g6 13. Nxe4 h6 14. Rad1 Bg7 15. f4 a6 16. Bc3 Rde8 17. g4 f6 18. exf6 exf6 19. Kf3 Rhf8 20. g5 h5 21. Nxf6 Re7 22. Nh7 Rff7 23. Bxg7 Rxg7 24. Nf6 Kb8 25. Rhe1 Rxe1 26. Rxe1 b5 27. h4 Kb7 28. Nd5 Rd7 29. Ne7 c6 30. Nxg6 Rd4 31. f5 Rg4 32. f6 1-0

[Event "FICGS rapid D 000050 email"]
[Site "FICGS email"]
[Date "2011.01.02"]
[Round "1"]
[White "Piantadosi, Angelo"]
[Black "Whittaker, Deon"]
[Result "0-1"]
[WhiteElo "1405"]
[BlackElo "1400"]
[PlyCount "40"]
[EventDate "2011.??.??"]
[EventType "tourn (rapid)"]
[EventRounds "6"]
[SourceTitle "Corr 2013"]
[Source "ChessBase"]
[SourceDate "2012.11.12"]
[SourceVersion "1"]
[SourceVersionDate "2012.11.12"]
[SourceQuality "1"]

1. d4 Nf6 2. c4 d5 3. cxd5 Qxd5 4. Nc3 Qa5 5. Bd2 Bd7 6. e4 Qb4 7. Bd3 Qxd4 8. Be3 Qe5 9. f3 Nc6 10. Nge2 0-0-0 11. 0-0 e6 12. Rc1 Bd6 13. Bf4 Qh5 14. Bxd6 cxd6 15. Nb5 Kb8 16. Nxd6 Na5 17. Qd2 Bc6 18. Qxa5 Qxa5 19. Nxf7 Qb6+ 20. Kh1 Rxd3 0-1

[Event "FICGS rapid D 000050 email"]
[Site "FICGS email"]
[Date "2011.01.02"]
[Round "1"]
[White "Quanter, Kirsty"]
[Black "Whittaker, Deon"]
[Result "1-0"]
[WhiteElo "1390"]
[BlackElo "1400"]
[PlyCount "37"]
[EventDate "2011.??.??"]
[EventType "tourn (rapid)"]
[EventRounds "6"]
[SourceTitle "Corr 2013"]
[Source "ChessBase"]
[SourceDate "2012.11.12"]
[SourceVersion "1"]
[SourceVersionDate "2012.11.12"]
[SourceQuality "1"]

1. e4 e6 2. d4 d5 3. Nc3 Nf6 4. e5 Nfd7 5. Nf3 c5 6. Bb5 Be7 7. 0-0 0-0 8. h4 Bxh4 9. dxc5 Nxc5 10. Nxh4 Qxh4 11. Be3 Nbd7 12. a3 f6 13. Nxd5 Nxe5 14. Bxc5 f5 15. Bxf8 Ng4 16. Bd6 e5 17. Bxe5 Nxe5 18. Nc7 Rb8 19. Qd5+ 1-0

[Event "FICGS rapid D 000050 email"]
[Site "FICGS email"]
[Date "2011.01.02"]
[Round "1"]
[White "Whittaker, Deon"]
[Black "Giandomenico, Pierino"]
[Result "1-0"]
[WhiteElo "1400"]
[BlackElo "1346"]
[PlyCount "51"]
[EventDate "2011.??.??"]
[EventType "tourn (rapid)"]
[EventRounds "6"]
[SourceTitle "Corr 2022"]
[Source "ChessBase"]
[SourceDate "2021.10.24"]
[SourceVersion "1"]
[SourceVersionDate "2021.10.24"]
[SourceQuality "1"]

1. e4 e5 2. Nc3 Nf6 3. g3 Bd6 4. Bc4 0-0 5. Nf3 Nc6 6. d3 a6 7. 0-0 b5 8. Bb3 a5 9. Nxb5 Ba6 10. Nxd6 cxd6 11. Re1 Nd4 12. Nxd4 Qb6 13. Nf5 g6 14. Ne7+ Kg7 15. Nd5 Rfe8 16. Nxb6 Rad8 17. Nd5 Nxd5 18. exd5 f5 19. Bg5 Rc8 20. c4 e4 21. Qd2 exd3 22. Qc3+ Kf7 23. Qf6+ Kg8 24. Bh6 Rxe1+ 25. Kg2 d2 26. Qg7# 1-0